Rozwiązania rachunkowości zarządczej na przykładzie „Telcza” sp. z o.o. w Czaplinku (Rekord nr 8851)
| 000 -ETYKIETA REKORDU | |
|---|---|
| podpole kontrolne o stałej długości | 01005naa a22001937i 4500 |
| 001 - NUMER KONTROLNY REKORDU | |
| podpole kontrolne | 8851 |
| 003 - IDENTYFIKATOR NUMERU KONTROLNEGO REKORDU | |
| podpole kontrolne | KOSZ 005 |
| 005 - DATA OSTATNIEJ MODYFIKACJI REKORDU | |
| podpole kontrolne | 20180409131729.0 |
| 008 - POLE O STAŁEJ DŁUGOŚCI - DANE KONTROLNE | |
| podpole kontrolne o stałej długości | 180308s1997 pl |||f| ||||1|| 0 pol |
| 040 ## - ŹRÓDŁO KATALOGOWANIA | |
| Instytucja, która utworzyła rekord | KOSZ 005/HR |
| Instytucja, która sporządziła opis | KOSZ 005/HR |
| 041 0# - KOD JĘZYKA | |
| Kod języka tekstu | pol |
| 100 ## - NAZWA OSOBOWA | |
| Nazwa osobowa | WYSOCKA-MODER, Beata. |
| Instytucja | Politechnika Koszalińska - Instytut Zarządzania i Marketingu |
| 245 10 - TYTUŁ/ODPOWIEDZIALNOŚĆ | |
| Tytuł | Rozwiązania rachunkowości zarządczej na przykładzie „Telcza” sp. z o.o. w Czaplinku |
| Pozostałe elementy strefy tytułu i oznaczenia odpowiedzialności | Beata Wysocka-Moder, Beata Zaleska. |
| 655 #0 - TERMIN INDEKSOWY - OKREŚLENIE RODZAJU/FORMY DOKUMENTU | |
| Określnie rodzaju/formy dokumentu | Materiały konferencyjne |
| 700 1# - HASŁO DODATKOWE - NAZWA OSOBOWA | |
| Nazwa osobowa | ZALESKA, Beata. |
| Instytucja | Politechnika Koszalińska - Instytut Ekonomii i Zarządzania, |
| Lata pracy | 1996 - . |
| 711 ## - HASŁO DODATKOWE - NAZWA IMPREZY | |
| Nazwa imprezy | Ogólnopolski Zjazd Katedr Rachunkowości |
| Data imprezy | (1997 ; |
| Miejsce imprezy | Ustroń, Polska) |
| 773 ## - TYTUŁ DOKUMENTU MACIERZYSTEGO | |
| Wyrażenie wprowadzające | W : |
| Tytuł | Rachunkowość w gospodarce rynkowej : nauka i praktyka : materiały konferencyjne : Ogólnopolski Zjazd Katedr Rachunkowości, Ustroń 17-19 września 1997. - |
| Adres wydawniczy | Katowice : Wydaw. Uczelniane AE, 1997. - |
| ISBN | 8387265179 |
| Informacje dotyczące relacji | s. 103-112 |
| 942 ## - HASŁO DODATKOWE - ELEMENTY(KOHA) | |
| Typ dokumentu | Rozdział |
| Schemat klasyfikacji | Uniwersalna klasyfikacja dziesiętna |
Brak dostępnych egzemplarzy.
